| 000 | 00607nam a22001577a 4500 | ||
|---|---|---|---|
| 008 | 150327b xxu||||| |||| 00| 0 eng d | ||
| 020 | _a9568134085 | ||
| 082 |
_a303.625 _bN 964n |
||
| 110 |
_aLe Monde diplomatique _92343 |
||
| 245 |
_aEl nuevo rostro del mundo _bEl planeta después del 11 de septiembre de 2001 |
||
| 260 |
_aSantiago de Chile _bEditorial Aún creemos en los sueños _c2002 |
||
| 300 |
_a88 p. _c21 cm |
||
| 440 |
_aLe Monde diplomatique _92344 |
||
| 650 |
_x11 de septiembre, ataque terrorista, 2001 _xTerrorismo-Estados Unidos _xAtaques terroristas _92345 |
||
| 710 |
_aLe Monde diplomatique _92346 |
||
| 999 |
_c499 _d499 |
||